LEADER 01439nam0 22002893i 450 001 UBO1004142 005 20251003044419.0 010 $a8874489749 100 $a20210401d1999 ||||0itac50 ba 101 | $aita 102 $ait 181 1$6z01$ai $bxxxe 182 1$6z01$an 183 1$6z01$anc$2RDAcarrier 200 1 $aˆIl ‰telelavoro nella residenza e nel terziario$el'avvento della telematica alle soglie del terzo millennio$fPaola Lassandro$gpresentazione di Enrico Mandolesi 210 $aRoma$cGangemi$d1999 215 $a176 p.$d24 cm. 700 1$aLassandro$b, Paola$3UBOV429662$4070$0376923 702 1$aMandolesi$b, Enrico$3CFIV097808 801 3$aIT$bIT-000000$c20210401 850 $aIT-BN0095 901 $bNAP 01$cPOZZO LIB.$nVi sono collocati fondi di economia, periodici di ingegneria e scienze, periodici di economia e statistica e altri fondi comprendenti documenti di economia pervenuti in dono. 912 $aUBO1004142 950 0$aBiblioteca Centralizzata di Ateneo$b1 v. (2. copia)$c1 v. in due copie$d 01POZZO LIB.ECON MON 5328$e 0101 0000281545E VMA (bis 1 v. (2. copia)$fB $h20210408$i20210408$b1 v. (2. copia)$c1 v. in due copie$d 01POZZO LIB.ECON MON 5328$e 0101 0000285655E VMA 1 v.$fB $h20210401$i20210401 977 $a 01 996 $aTelelavoro nella residenza e nel terziario$91394385 997 $aUNISANNIO